<?xml version="1.0" encoding="UTF-8"?>
<marc:record xmlns:marc="http://www.loc.gov/MARC21/slim">
   <marc:leader>00000nam a2200000 a 4500</marc:leader>
   <marc:datafield ind1="1" ind2=" " tag="100">
      <marc:subfield code="a">Kinney, Jeff</marc:subfield>
      <marc:subfield code="4">aut</marc:subfield>
      <marc:subfield code="e">Verfasser/-in</marc:subfield>
   </marc:datafield>
   <marc:datafield ind1="0" ind2="0" tag="245">
      <marc:subfield code="a">Gregs Tagebuch 4 - Ich war's nicht!</marc:subfield>
   </marc:datafield>
   <marc:datafield ind1="0" ind2="0" tag="245">
      <marc:subfield code="b">ein Comic-Roman</marc:subfield>
   </marc:datafield>
   <marc:datafield ind1=" " ind2="1" tag="264">
      <marc:subfield code="b">Baumhaus-Verl.</marc:subfield>
      <marc:subfield code="c">2010</marc:subfield>
   </marc:datafield>
   <marc:datafield ind1="1" ind2=" " tag="490">
      <marc:subfield code="a">Gregs Tagebuch</marc:subfield>
   </marc:datafield>
   <marc:datafield ind1="1" ind2=" " tag="520">
      <marc:subfield code="a">Greg hat Sommerferien, und die würde er am liebsten Video spielend im Wohnzimmer verbringen. Doch leider sieht das seine Mutter ganz anders und schickt ihn raus, damit er irgendetwas machen soll. Denn die Heffleys sind gerade knapp bei Kasse und machen Urlaub daheim. Aber was soll Greg bloß tun? Schlange stehen im Freibad und lange Autofahrten zum Wasserrutschenparadies ertragen? Das ist doch öde. Und dann beschließt Vater Heffley auch noch, sich einen Traum zu verwirklichen: Ein Hund soll her ...</marc:subfield>
   </marc:datafield>
   <marc:datafield ind1=" " ind2=" " tag="020">
      <marc:subfield code="a">9783833936357</marc:subfield>
      <marc:subfield code="9">9783833936357</marc:subfield>
   </marc:datafield>
</marc:record>
